<?xml version="1.0" encoding="UTF-8"?>
<record
    xmlns:xsi="http://www.w3.org/2001/XMLSchema-instance"
    xsi:schemaLocation="http://www.loc.gov/MARC21/slim http://www.loc.gov/standards/marcxml/schema/MARC21slim.xsd"
    xmlns="http://www.loc.gov/MARC21/slim">

  <leader>00668nam a22001337a 4500</leader>
  <datafield tag="040" ind1=" " ind2=" ">
    <subfield code="c">RUA</subfield>
  </datafield>
  <datafield tag="082" ind1=" " ind2=" ">
    <subfield code="a">VEM PEN 2021 B1-602 Or.</subfield>
  </datafield>
  <datafield tag="100" ind1=" " ind2=" ">
    <subfield code="a">PHEN HANG,&#x1795;&#x17C2;&#x1793; &#x17A0;&#x17B6;&#x1784;</subfield>
  </datafield>
  <datafield tag="245" ind1=" " ind2=" ">
    <subfield code="a">GASTRO-INTESTINAL PARASITES IN DOMESTIC CHICKEN AT KOUN SATV COMMUNE,TUCK CHHOU DISTRICT,KAMPOT PROVINCE,&#x1794;&#x179A;&#x17B6;&#x179F;&#x17B7;&#x178F;&#x1780;&#x17D2;&#x1793;&#x17BB;&#x1784;&#x1794;&#x17D2;&#x179A;&#x178A;&#x17B6;&#x1794;&#x17CB;&#x179A;&#x17C6;&#x179B;&#x17B6;&#x1799;&#x17A2;&#x17B6;&#x17A0;&#x17B6;&#x179A;&#x1798;&#x17B6;&#x1793;&#x17CB;&#x1793;&#x17C5; &#x1783;&#x17BB;&#x17C6;&#x1780;&#x17BC;&#x1793;&#x179F;&#x178F;&#x17D2;&#x179C; &#x179F;&#x17D2;&#x179A;&#x17BB;&#x1780;&#x1791;&#x17B9;&#x1780;&#x1788;&#x17BC; &#x1781;&#x17C1;&#x178F;&#x17D2;&#x178F;&#x1780;&#x17C6;&#x1796;&#x178F;</subfield>
  </datafield>
  <datafield tag="260" ind1=" " ind2=" ">
    <subfield code="a">phnom penh</subfield>
    <subfield code="b">rua</subfield>
    <subfield code="c">2021</subfield>
  </datafield>
  <datafield tag="300" ind1=" " ind2=" ">
    <subfield code="a">x.42p.</subfield>
    <subfield code="b">ill.</subfield>
    <subfield code="c">29cm.</subfield>
  </datafield>
  <datafield tag="856" ind1=" " ind2=" ">
    <subfield code="u">https://drive.google.com/file/d/1LvP2OOQVU74_kTFEHRNHOiMaIcQeRuFa/view?usp=sharing</subfield>
  </datafield>
  <datafield tag="942" ind1=" " ind2=" ">
    <subfield code="c">VEM</subfield>
  </datafield>
  <datafield tag="999" ind1=" " ind2=" ">
    <subfield code="c">21662</subfield>
    <subfield code="d">21662</subfield>
  </datafield>
  <datafield tag="952" ind1=" " ind2=" ">
    <subfield code="0">0</subfield>
    <subfield code="1">0</subfield>
    <subfield code="4">0</subfield>
    <subfield code="6">VEM_PEN_2021_000000000000000_B1602_OR</subfield>
    <subfield code="7">0</subfield>
    <subfield code="9">94108</subfield>
    <subfield code="a">LBB</subfield>
    <subfield code="b">LBB</subfield>
    <subfield code="c">B1.602</subfield>
    <subfield code="d">2023-08-16</subfield>
    <subfield code="l">1</subfield>
    <subfield code="o">VEM PEN 2021 B1-602 Or.</subfield>
    <subfield code="p">a073835</subfield>
    <subfield code="r">2023-12-25</subfield>
    <subfield code="s">2023-11-20</subfield>
    <subfield code="y">VEM</subfield>
  </datafield>
  <datafield tag="952" ind1=" " ind2=" ">
    <subfield code="0">0</subfield>
    <subfield code="1">0</subfield>
    <subfield code="4">0</subfield>
    <subfield code="6">VEM_PEN_2021_000000000000000_B1602_OR</subfield>
    <subfield code="7">0</subfield>
    <subfield code="9">94109</subfield>
    <subfield code="a">LBB</subfield>
    <subfield code="b">LBB</subfield>
    <subfield code="c">B1.602</subfield>
    <subfield code="d">2023-08-16</subfield>
    <subfield code="l">2</subfield>
    <subfield code="o">VEM PEN 2021 B1-602 Or.</subfield>
    <subfield code="p">a073943</subfield>
    <subfield code="r">2025-06-19</subfield>
    <subfield code="s">2025-05-06</subfield>
    <subfield code="y">VEM</subfield>
  </datafield>
  <datafield tag="952" ind1=" " ind2=" ">
    <subfield code="0">0</subfield>
    <subfield code="1">0</subfield>
    <subfield code="4">0</subfield>
    <subfield code="6">VEM_PEN_2021_000000000000000_B1602_OR</subfield>
    <subfield code="7">0</subfield>
    <subfield code="9">94110</subfield>
    <subfield code="a">LBB</subfield>
    <subfield code="b">LBB</subfield>
    <subfield code="c">B1.602</subfield>
    <subfield code="d">2023-08-16</subfield>
    <subfield code="l">1</subfield>
    <subfield code="o">VEM PEN 2021 B1-602 Or.</subfield>
    <subfield code="p">a073915</subfield>
    <subfield code="r">2024-07-01</subfield>
    <subfield code="s">2024-06-28</subfield>
    <subfield code="y">VEM</subfield>
  </datafield>
  <datafield tag="952" ind1=" " ind2=" ">
    <subfield code="0">0</subfield>
    <subfield code="1">0</subfield>
    <subfield code="4">0</subfield>
    <subfield code="6">VEM_PEN_2021_000000000000000_B1602_OR</subfield>
    <subfield code="7">0</subfield>
    <subfield code="9">94111</subfield>
    <subfield code="a">LBB</subfield>
    <subfield code="b">LBB</subfield>
    <subfield code="c">B1.602</subfield>
    <subfield code="d">2023-08-16</subfield>
    <subfield code="l">3</subfield>
    <subfield code="o">VEM PEN 2021 B1-602 Or.</subfield>
    <subfield code="p">a073927</subfield>
    <subfield code="r">2024-11-05</subfield>
    <subfield code="s">2024-11-04</subfield>
    <subfield code="y">VEM</subfield>
  </datafield>
  <datafield tag="952" ind1=" " ind2=" ">
    <subfield code="0">0</subfield>
    <subfield code="1">0</subfield>
    <subfield code="4">0</subfield>
    <subfield code="6">VEM_PEN_2021_000000000000000_B1602_OR</subfield>
    <subfield code="7">0</subfield>
    <subfield code="9">94112</subfield>
    <subfield code="a">LBB</subfield>
    <subfield code="b">LBB</subfield>
    <subfield code="c">B1.602</subfield>
    <subfield code="d">2023-08-16</subfield>
    <subfield code="l">2</subfield>
    <subfield code="o">VEM PEN 2021 B1-602 Or.</subfield>
    <subfield code="p">a073887</subfield>
    <subfield code="r">2024-07-10</subfield>
    <subfield code="s">2024-06-14</subfield>
    <subfield code="y">VEM</subfield>
  </datafield>
  <datafield tag="952" ind1=" " ind2=" ">
    <subfield code="0">0</subfield>
    <subfield code="1">0</subfield>
    <subfield code="4">0</subfield>
    <subfield code="6">VEM_PEN_2021_000000000000000_B1602_OR</subfield>
    <subfield code="7">0</subfield>
    <subfield code="9">94113</subfield>
    <subfield code="a">LBB</subfield>
    <subfield code="b">LBB</subfield>
    <subfield code="c">B1.602</subfield>
    <subfield code="d">2023-08-16</subfield>
    <subfield code="o">VEM PEN 2021 B1-602 Or.</subfield>
    <subfield code="p">a073891</subfield>
    <subfield code="r">2023-08-16</subfield>
    <subfield code="y">VEM</subfield>
  </datafield>
</record>
